000 01182nam a22003014a 4500
001 ebr10062355
003 CaPaEBR
006 m u
007 cr cn|||||||||
008 010821s2002 nyua sb 001 0 eng
010 _z 2001044717
020 _z0333760867
040 _aCaPaEBR
_cCaPaEBR
035 _a(OCoLC)559756875
050 1 4 _aD810.W7
_bG64 2002eb
082 0 4 _a305.42/0941
_221
100 1 _aGoodman, Philomena,
_d1957-
245 1 0 _aWomen, sexuality and war
_h[electronic resource] /
_cPhilomena Goodman.
260 _aNew York :
_bPalgrave,
_c2002.
300 _axii, 180 p. :
_bill.
504 _aIncludes bibliographical references (p. 171-176) and index.
533 _aElectronic reproduction.
_bPalo Alto, Calif. :
_cebrary,
_d2013.
_nAvailable via World Wide Web.
_nAccess may be limited to ebrary affiliated libraries.
650 0 _aWorld War, 1939-1945
_xWomen
_zGreat Britain.
650 0 _aSex role
_zGreat Britain
_xHistory
_y20th century.
655 7 _aElectronic books.
_2local
710 2 _aebrary, Inc.
856 4 0 _uhttp://site.ebrary.com/lib/rucke/Doc?id=10062355
_zAn electronic book accessible through the World Wide Web; click to view
999 _c46808
_d46808